World bank: enemy of third world development (Record no. 482288)

000 -LEADER
fixed length control field 00375cam a22001337a 4500
008 - FIXED-LENGTH DATA ELEMENTS--GENERAL INFORMATION
fixed length control field 180718b xxu||||| |||| 00| 0 eng d
082 ## - DEWEY DECIMAL CLASSIFICATION NUMBER
Classification number T421 R895
100 ## - MAIN ENTRY--PERSONAL NAME
Personal name Rush, Peter
245 ## - TITLE STATEMENT
Title World bank: enemy of third world development
Statement of responsibility, etc. by Peter Rush
260 ## - PUBLICATION, DISTRIBUTION, ETC.
Place of publication, distribution, etc. New Delhi
Name of publisher, distributor, etc. New Wave
Date of publication, distribution, etc.
300 ## - PHYSICAL DESCRIPTION
Extent 90p.
650 ## - SUBJECT ADDED ENTRY--TOPICAL TERM
Topical term or geographic name entry element Financial institutions, International
650 ## - SUBJECT ADDED ENTRY--TOPICAL TERM
Topical term or geographic name entry element World Bank
Holdings
Withdrawn status Lost status Damaged status Not for loan Permanent Location Current Location Date acquired Full call number Barcode Date last seen Price effective from Koha item type
        Indian Institute of Public Administration Indian Institute of Public Administration 2018-08-04 T421 R895 GR14468 2018-08-04 2018-08-04 GR

Powered by Koha